000 00652nam a22002297a 4500
999 _c3890
_d3890
003 AR-CdUCM
008 190307b ||||| |||| 00| 0 spa d
040 _aMUNICIPALIDAD PROVINCIAL DEL CUSCO
_cBIBLIOTECA MUNICIPAL DEL CUSCO
041 _heng.
082 _a828.9 /
_bC33
100 _aCary, Joyce
_912493
245 _aSorprendida /
260 _aBuenos Aires :
_bEdit.Emece,
_c1953.
300 _a286 paginas ;
_c18 cm.
505 _aContenido :Novela /
650 _aLiteratura irlandesa
_912494
650 _aNovela
_95
650 _aSiglo XX
_98
700 _aGuillermo Whitelow (traductor)
_912495
942 _2ddc
_cLIBROS
945 _arjall